Muscles of the Body - Statistics

General Stats
  • This quiz has been taken 410 times
  • The average score is 5 of 13
Answer Stats
Picture Answer % Correct
biceps
78%
triceps
77%
deltoids
74%
abdominals
45%
hamstrings
44%
latissimus dorsi
41%
quadriceps
36%
pectorals
35%
gastrocnemius
27%
tibialis anterior
19%
gluteals
13%
hip flexors
10%
rotator cuffs
8%
No matching quizzes found
Score Distribution
Percent of People with Each Score
Percentile by Number Answered
Your Score History
You have not taken this quiz